Інтесифікація навчання діалогічного мовлення на середньому етапі загальноосвітньої школи (англійська мова, 7 клас) (Запис № 281819)
[ простий вигляд ]
| 000 -LEADER | |
|---|---|
| fixed length control field | 01911nam a22001577a 4500 |
| 041 ## - LANGUAGE CODE | |
| Language code of text/sound track or separate title | ukr |
| 080 ## - UNIVERSAL DECIMAL CLASSIFICATION NUMBER | |
| Universal Decimal Classification number | 09 |
| 090 ## - LOCALLY ASSIGNED LC-TYPE CALL NUMBER (OCLC); LOCAL CALL NUMBER (OCLC) | |
| Local cutter number (OCLC) ; Book number/undivided call number, CALL (RLIN) | КІС |
| 100 ## - MAIN ENTRY--PERSONAL NAME | |
| Personal name | Кісільчук І. М. |
| 245 ## - TITLE STATEMENT | |
| Title | Інтесифікація навчання діалогічного мовлення на середньому етапі загальноосвітньої школи (англійська мова, 7 клас) |
| 260 ## - PUBLICATION, DISTRIBUTION, ETC. (IMPRINT) | |
| Place of publication, distribution, etc | Острог |
| Name of publisher, distributor, etc | КАФ |
| Date of publication, distribution, etc | 2003 |
| 300 ## - PHYSICAL DESCRIPTION | |
| Extent | 42 |
| 520 ## - SUMMARY, ETC. | |
| Summary, etc | Розділ 1. Теоретичні аспекти інтенсифікації навчання діалогічного мовлення на середньому етапі загальноосвітньої школи.<br/>1.1. Загальна характеристика діалогічного мовлення.<br/>1.2. Загальна характеристика інтенсифікації навчання діалогічного мовлення.<br/>1.2.1. Проблема інтенсифікації навчання діалогічного мовлення в загальноосвітній школі.<br/>1.2.2. Шляхи інтенсифікації навчання діалогічного мовлення в загальноосвітній школі.<br/>Розділ 2. Методика інтенсифікації навчання діалогічного мовлення на середньому етапі.<br/>2.1. Комплекс вправ для інтенсифікації навчання діалогічного мовлення на середньому етапі.<br/>2.2. Модель навчального процесу для інтенсивного оволодіння діалогічним мовленням на середньому етапі в сьомому класі. |
| -- | Навчання, діалогічне мовлення, методика. |
| 650 ## - SUBJECT ADDED ENTRY--TOPICAL TERM | |
| Topical term or geographic name as entry element | Research Papers |
| 942 ## - ADDED ENTRY ELEMENTS (KOHA) | |
| Koha item type | Книги |
| Withdrawn status | Lost status | Source of classification or shelving scheme | Damaged status | Not for loan | Home library | Current library | Date acquired | Source of acquisition | Coded location qualifier | Cost, normal purchase price | Total Checkouts | Full call number | Barcode | Date last seen | Price effective from | Koha item type |
|---|---|---|---|---|---|---|---|---|---|---|---|---|---|---|---|---|
| Universal Decimal Classification | ВІЛ - Відділ іноземн. літератури НБ | ВІЛ - Відділ іноземн. літератури НБ | 08/08/2005 | Акт 03\01 | В32 | 1.00 | 09 | 208749 | 20/12/2021 | 01/09/2003 | Книги |